| 000 | 01611cam0a2200577 4500 | ||
|---|---|---|---|
| 001 | 13866 | ||
| 003 | http://www.sudoc.fr/136838308 | ||
| 005 | 20250415144758.0 | ||
| 010 | _a9782200354466 | ||
| 035 | _a(OCoLC)495407723 | ||
| 035 | _aALP000463339 | ||
| 035 | _a582491 | ||
| 035 | _aflora725990 | ||
| 035 | _a1221953 | ||
| 035 | _a617768 | ||
| 035 | _aalp316974 | ||
| 035 | _a791415 | ||
| 035 | _aALP000516925 | ||
| 073 | 1 | _a9782200354466 | |
| 090 | _a13866 | ||
| 099 | _o0 | ||
| 100 | _a20090928h20092009m y0frey50 ba | ||
| 101 | 0 | _afre | |
| 102 | _aFR | ||
| 105 | _ay a 001yy | ||
| 181 |
_6z01 _ctxt _2rdacontent |
||
| 181 | 1 |
_6z01 _ai# _bxxxe## |
|
| 182 |
_6z01 _cn _2rdamedia |
||
| 182 | 1 |
_6z01 _an |
|
| 183 | 1 |
_6z01 _anga _2RDAfrCarrier |
|
| 200 | 1 |
_aLe théâtre _etexte, dramaturgie, histoire _bLIVR |
|
| 205 | _a[2e édition] | ||
| 214 | 0 |
_cArmand Colin _dDL 2009 |
|
| 214 | 0 | _a[Paris] | |
| 215 | _a1 vol. (127 p.) | ||
| 215 | _d18 cm | ||
| 225 | 0 | _a128 | |
| 225 | 0 | _iLettres linguistique | |
| 305 | _aAutre tirage : 2011 | ||
| 317 |
_5751052116:387156550 _aDon du Dépot Légal 2009. 8 DL 1582 |
||
| 320 | _aBibliogr. p. 121-[126]. Index | ||
| 410 | _0059067063 | ||
| 410 |
_t128. Lettres _x1637-6900 |
||
| 452 | _0177214279 | ||
| 452 |
_tLe théâtre _otexte, dramaturgie, histoire _fAlain Couprie _e[2e édition] _cArcueil _nNumilog _d2009 _s128 |
||
| 606 |
_3027331954 _aThéâtre (genre littéraire) _2rameau |
||
| 676 |
_a809.2 _v21 |
||
| 686 |
_a809 _2DEWBSG |
||
| 700 | 1 |
_aCouprie _bAlain _f1945-.... |
|
| 700 | 1 |
_302859066X _4070 |
|
| 801 | 3 |
_aFR _bAbes _c20210928 _gAFNOR |
|